000 00759na a2200253 4500
001 14498
003 MIRAKIL
005 20181213154915.0
008 160829b tu 000 0
020 _a9786051370439
035 _a14498
040 _aMilas
_btur
_cTR-AnCHP
082 _aDAN 956.22603
_bÇ37d 2012
090 _aDAN 956.22603 Ç37d 2012
100 _aÇetin, Mahmut
245 _aDersaadet sözlüğü
_cMahmut Çetin
260 _aİstanbul
_bİstanbul Ticaret Odası
_c2012
300 _a203 s.
_brnk. res.
_c30 sm.
490 _aİstanbul'a Yönelik Araştırmalar
_v2011-16
651 _aİstanbul
_xSözlükler
651 _aİstanbul
_xGezi ve tanıtım
_ySözlükler
651 _aİstanbul
_xTarih
_ySözlükler
942 _2dcc
_cBKS
999 _c2968
_d2968